| 000 | 00424nam a2200109Ia 4500 | ||
|---|---|---|---|
| 008 | 171211s9999 xx 000 0 und d | ||
| 245 | _aLogic, Rationality, and Interaction: 4th International Workshop, LORI 2013, Hangzhou, China, October 9-12, 2013... | ||
| 245 | _cDavide Grossi, Huaxin Huang, and Olivier Roy | ||
| 260 | _c2013 | ||
| 650 | _xINFORMATION TECHNOLOGIES | ||
| 856 | _uhttp://down.ebook777.com/064/3642409474.pdf | ||
| 999 |
_c349687 _d349687 |
||